Normal view
MARC view
- Wajeeha, Ajmal
Entry Personal Name
001 - CONTROL NUMBER
- control field: 15686
003 - CONTROL NUMBER IDENTIFIER
- control field: NUST
005 - DATE AND TIME OF LATEST TRANSACTION
- control field: 20190627053831.0
008 - FIXED-LENGTH DATA ELEMENTS
- fixed length control field: 190627|| aca||aabn | a|a d
040 ## - CATALOGING SOURCE
- Original cataloging agency: NUST
- Transcribing agency: NUST
100 ## - HEADING--PERSONAL NAME
- Personal name: Wajeeha, Ajmal
670 ## - SOURCE DATA FOUND
- Source citation: Work cat.: (NUST): Wajeeha, Ajmal, Band Bohay /
